| 000 | 00499nam a2200193Ia 4500 | ||
|---|---|---|---|
| 003 | 0100 | ||
| 008 | 130303s9999 xx 000 0 und d | ||
| 040 | _cARRUPELIB | ||
| 050 | _aHM291.D4847 1989 | ||
| 245 | _aDeviant behavior | ||
| 245 | _breadings in the sociology of norm violations | ||
| 260 | _aNew York | ||
| 260 | _bHemisphere Publishing Compamy | ||
| 260 | _C1989 | ||
| 300 | _axxi | ||
| 300 | _b 86 p. 24 cm. | ||
| 700 | _aed. by Clifton D. Bryant , Bryant, Clifton D | ||
| 942 | 0 | 0 | _01 |
| 999 |
_c8739 _d8739 |
||